000 00521nam a2200181 4500
001 4707
005 20230410115804.0
008 060907n1998 dr spa
020 _a0226327469
035 _9funglode4746
041 _aEN
050 1 4 _aHM 261 H538r 1998
100 _aHerbst, Susan
245 1 _aReading public opinion :
_bhow political actors view the democracy process /
_cSusan Herbst
260 _aChicago :
_bThe Uinversity of Chicago Press,
_c1998
300 _ax, 256 p.
942 _2lcc
_cbk
999 _c48005
_d48005